Az "Ünnepeink" című témakör 2. olvasás órája a II. osztályban

Elmentve itt :
Bibliográfiai részletek
Szerzők: Baksa József
Kiss Jolán
Dokumentumtípus: Cikk
Megjelent: 1973
Sorozat:Módszertani közlemények 13 No. 2
Kulcsszavak:Neveléstudomány
Online Access:http://acta.bibl.u-szeged.hu/26372
LEADER 00669nab a2200193 i 4500
001 acta26372
005 20210224151115.0
008 161017s1973 hu o 0|| hun d
022 |a 0544-7224 
040 |a SZTE Egyetemi Kiadványok Repozitórium  |b hun 
041 |a hun 
100 1 |a Baksa József 
245 1 3 |a Az "Ünnepeink" című témakör 2. olvasás órája a II. osztályban  |h [elektronikus dokumentum] /  |c  Baksa József 
260 |c 1973 
300 |a 82-86 
490 0 |a Módszertani közlemények  |v 13 No. 2 
695 |a Neveléstudomány 
700 0 1 |a Kiss Jolán  |e aut 
856 4 0 |u http://acta.bibl.u-szeged.hu/26372/1/modszertani_013_002_082-086.pdf  |z Dokumentum-elérés